| 000 | 00666nam a2200217 i 4500 | ||
|---|---|---|---|
| 001 | 149958 | ||
| 003 | ES-MaACL | ||
| 005 | 20250925165400.0 | ||
| 007 | t| | ||
| 008 | 071025s1946 sp ||||1| spa d | ||
| 080 | _a929 Colón, Bartolomé | ||
| 100 | 1 |
_aValle, José María del. _9112766 |
|
| 245 | 1 | 0 |
_aBartolomé Colón, primer adelantado de Indias / _cJosé María del Valle. |
| 260 |
_aMadrid : _bGran Capitán, _c1946. |
||
| 300 |
_a176 p. : _bil. ; _c21 cm. |
||
| 490 | 1 | _aMilicia de España | |
| 600 | 1 | 4 |
_aColón, Bartolomé, _dca.1461-1514 _9174388 |
| 830 | 1 |
_aMilicia de España _9186681 |
|
| 852 | 4 |
_aES-MaACL _jC-5102 |
|
| 999 |
_c149958 _d149958 |
||